Civilizar Ciencias Sociales y Humanas

Detalles Bibliográficos
Autor Corporativo: Universidad Sergio Arboleda
Formato: eBook
Lenguaje:español
Publicado: Colombia Universidad Sergio Arboleda 2015
Materias:
Acceso en línea:Acceso restringido

MARC

LEADER 00000nam a22000007a 4500
005 20160121105925.0
007 cr|||| ||u|
008 160121s20132015ck an||ss|||| 0||| 1spa d
022 |a 1657-8953  
035 |a 13036 
040 |a vLex 
090 |c 5813  |d 5813 
245 1 0 |a Civilizar Ciencias Sociales y Humanas  |h [Recurso electrn̤ico] /  |c Universidad Sergio Arboleda  
256 |a Servicio en ln̕ea 
260 |a Colombia  |b Universidad Sergio Arboleda   |c 2015 
300 |a 1 recurso electrn̤ico 
310 |a Anual 
506 1 |a Contenido solo disponible en los productos indicados  |d vLex Global  |d vLex Global (Academic Edition, excluding Law Schools)  |d vLex Global (U.S. Academic Edition, Law Schools)  |d vLex Global (U.S. Academic Edition, excluding Law Schools)  |d vLex Global (Academic Edition, Law Schools) 
650 0 4 |a Ciencas sociales  |z Colombia 
710 |a Universidad Sergio Arboleda  
740 0 |a vLex revista (servicio en ln̕ea) 
856 4 0 |u http://vlex.com/source/civilizar-ciencias-sociales-humanas-13036  |z Acceso restringido  
942 |c REV 
999 0 |a Social sciences